00452 2200169 4500001002100000008004100021035002000062245006900082100001800151260002400169300002000193020002200213084001400235082000800249650001000257990001500267INLIS000000000003235 ind  a0010-1225000056 aIt Happened One Summer (Cerita Cinta Si Sosialita)cTessa Bailey aBailey, Tessa aJakarta :bGramedia a440c13,5x20 cm a978-602-06-8188-7 a813 BAI i a813 aFiksi a19710/B/26